Science Quiz

Random Science Quiz

Inorganic ligand nomenclature Quiz Stats

 Plays Quiz not verified by Sporcle

Challenge
Share
Tweet
Embed
Score 0/53 Timer 12:00
0 Plays Today
Formula Name % Correct
F-fluorido
71.4%
Cl-chlorido
71.4%
Br-bromido
71.4%
H-hydrido
71.4%
CN-cyanido
71.4%
I-iodido
57.1%
OH-hydroxido
42.9%
N3-azido
28.6%
NO3-nitrato
28.6%
NO2-nitrito-N
28.6%
ONO-nitrito-O
28.6%
SCN-thiocyanato-N
28.6%
(O)2-oxido
28.6%
(S)2-sulfido
28.6%
(Se)2-selenido
28.6%
(Te)2-tellurido
28.6%
(C2O4)2-oxalato
28.6%
(N)3-nitrido
28.6%
(P)3-phosphido
28.6%
(PO4)3-phosphato
28.6%
H2Oaqua
28.6%
NH3ammine
28.6%
COcarbonyl
28.6%
PH3phosphine
28.6%
ClO4-perchlorato
14.3%
ClO3-chlorato
14.3%
ClO2-chlorito
14.3%
Formula Name % Correct
ClO-hypochlorito
14.3%
HCO3-hydrogencarbonato
14.3%
H2PO4-dihydrogenphosphato
14.3%
NCO-cyanato-N
14.3%
C2H3O2-acetato
14.3%
(O2)2-peroxido
14.3%
(SO4)2-sulfato
14.3%
(SO3)2-sulfito
14.3%
(SeO4)2-selenato
14.3%
(SeO3)2-selenito
14.3%
(CrO4)2-chromato
14.3%
(Cr2O7)2-dichromato
14.3%
(CO3)2-carbonato
14.3%
(HPO4)2-hydrogenphosphato
14.3%
(As)3-arsenido
14.3%
(PO3)3-phosphito
14.3%
(AsO4)3-arsenato
14.3%
(AsO3)3-arsenito
14.3%
NOnitrosyl
14.3%
C5H5Npyridine
14.3%
H2NCH2CH2NH2ethylenediamine
14.3%
NC5H5-C5H5Nbipyridine
14.3%
EDTA (-OOCCH2)2NCH2CH2N(CH2COO-)2ethylenediaminetetraacetato
14.3%
OCN-cyanato-O
14.3%
NCS-thiocyanate-S
0%
0%

You're not logged in!

Compare scores with friends on all Sporcle quizzes.
OR
Log In

You Might Also Like...

Show Comments

Extras

Created Apr 24, 2016ReportNominate
Tags:formula, land, nomenclature

Top Quizzes Today


Score Distribution

Your Account Isn't Verified!

In order to create a playlist on Sporcle, you need to verify the email address you used during registration. Go to your Sporcle Settings to finish the process.

Report this User

Report this user for behavior that violates our Community Guidelines.

Details: